| 000 | 00552nam a2200169 i 4500 | ||
|---|---|---|---|
| 001 | 96301 | ||
| 003 | ES-MaACL | ||
| 005 | 20230906181902.0 | ||
| 007 | t| | ||
| 008 | 050615s1973 sp ||||1| spa d | ||
| 100 | 1 |
_aMaggiolini, Sandro. _975470 |
|
| 245 | 1 | 3 |
_aEl pecado y el perdón en la comunidad eclesial / _cSandro Maggiolini; versión R. P. Leandro de Echavarri de Urtupiña. |
| 260 |
_aMadrid : _bStudium, _c1973. |
||
| 300 |
_a349 p. ; _c21 cm. |
||
| 700 | 1 |
_aEchevarri de Urtupiña, Leandro de. _946537 |
|
| 852 |
_aES-MaACL _jC-54745 _bR.87149 |
||
| 999 |
_c96301 _d96301 |
||